Geography Quiz

Random Geography or Flags Quiz

Well-Balanced Country Flags (Clickable) Quiz Stats

 Plays Quiz not verified by Sporcle

Also try: Flags of the World
Challenge
Share
Tweet
Score 0/12 Timer 06:00
0 Plays Today
% Correct
Japan
87.4%
Switzerland
84%
Austria
70.4%
Israel
70.1%
Jamaica
66.9%
Nigeria
66.3%
Georgia
65.1%
Latvia
63.4%
Macedonia
60.4%
Laos
57.3%
Botswana
49.7%
Micronesia
45.7%

You're not logged in!

Compare scores with friends on all Sporcle quizzes.
OR
Log In

You Might Also Like...

Show Comments

Extras

Top Quizzes Today


Score Distribution

Your Account Isn't Verified!

In order to create a playlist on Sporcle, you need to verify the email address you used during registration. Go to your Sporcle Settings to finish the process.

Report this User

Report this user for behavior that violates our Community Guidelines.

Details: